La alimentación escolar y su influencia en la nutrición del niño
Shranjeno v:
| Glavni avtor: | |
|---|---|
| Format: | Knjiga |
| Jezik: | španščina |
| Izdano: |
Roma
Organización de las Naciones Unidas para la Agricultura y la Alimentación
1954
|
| Serija: | FAO. Estudios sobre Nutrición, 10
|
| Teme: | |
| Oznake: |
Označite
Brez oznak, prvi označite!
|
MARC
| LEADER | 00000nam a2200000 a 4500 | ||
|---|---|---|---|
| 001 | UCR9274 | ||
| 003 | CL-VaPUC | ||
| 008 | 980613e19540300IT |||||||||||||||||spa|d | ||
| 082 | 0 | 4 | |a 612.3 |b SCO |2 21 |
| 100 | 0 | |a Scott, Marjorie L |e author |9 411612 | |
| 245 | 1 | 3 | |a La alimentación escolar y su influencia en la nutrición del niño |
| 300 | |a 148 p | ||
| 942 | |c BK | ||
| 945 | |d 19980613 00:00:00 |a cmena | ||
| 260 | |a Roma |b Organización de las Naciones Unidas para la Agricultura y la Alimentación |c 1954 | ||
| 650 | 0 | |a Alimentación infantil |9 362360 | |
| 650 | 0 | |a Niños |9 255605 | |
| 650 | 0 | |a Nutrición |9 259434 | |
| 650 | 0 | |a Alimentación |9 334197 | |
| 650 | 7 | |a NIÑOS EN EDAD PREESCOLAR |2 CL-VaPUC |9 355466 | |
| 583 | |a last modification |c 19980613 00:00:00 |k Rodrigo Vera | ||
| 490 | 0 | |a FAO. Estudios sobre Nutrición, 10 | |
| 999 | |c 270475 |d 270473 | ||
| 952 | |0 0 |1 0 |4 0 |6 612_300000000000000_SCO_1954 |7 0 |8 A |9 304781 |a BIBGIM |b BIBGIM |d 2019-11-20 |i 1415530 |o 612.3 SCO 1954 |p 1415530 |r 2025-01-15 |w 2019-11-20 |y BK |k SSL | ||